000 00840nam a2200241 i 4500
001 bg
003 KOSZ 005
005 20191017090352.0
008 080412s1964 pl a f 000 0 pol
015 _aPB 1964/6347
040 _aWA N
_cKOSZ 005/RW
_dKOSZ 005/RW
080 _a621
100 1 _aBurnat, Leon
_d(1893-1973)
_eAutor
245 1 0 _aOstrzenie i ostrzarki narzędzi /
_cLeon Burnat.
260 _aWarszawa :
_bWydawnictwa Naukowo-Techniczne,
_c1964.
300 _a267 s. :
_bil. ;
_c25 cm.
380 _aKsiążki.
521 8 _aDla techników, mistrzów i wykwalifikowanych robotników-ostrzarzy.
650 4 _aOstrzarka
710 2 _aWydawnictwa Naukowo-Techniczne
_4pbl.
856 _uhttp://koha.tu.koszalin.pl/cgi-bin/koha/opac-detail.pl?biblionumber=11647
_yKatalog online BPK
942 _2UKD
_cKS
999 _c11647
_d11647